[Event "10th EICC"]
[Site "Budva MNE"]
[Date "2009.03.10"]
[Round "5"]
[White "Khalifman,A"]
[Black "Novikov,St1"]
[Result "1/2-1/2"]
[WhiteElo "2622"]
[BlackElo "2523"]

1.d4 Nf6 2.c4 d6 3.Nf3 g6 4.Nc3 Bg7 5.e4 O-O 6.Be2 e5 7.O-O Na6 8.Be3 Ng4
9.Bg5 f6 10.Bc1 Nh6 11.Rb1 Nf7 12.b4 exd4 13.Nxd4 c5 14.bxc5 dxc5 15.Ndb5 f5
16.Be3 fxe4  1/2-1/2

[Event "10th EICC"]
[Site "Budva MNE"]
[Date "2009.03.11"]
[Round "6"]
[White "Drasko,M"]
[Black "Khalifman,A"]
[Result "1/2-1/2"]
[WhiteElo "2533"]
[BlackElo "2622"]

1.d4 Nf6 2.c4 g6 3.Nf3 Bg7 4.g3 O-O 5.Bg2 d5 6.O-O c6 7.cxd5 cxd5 8.Ne5 Ng4
9.Nxg4 Bxg4 10.Nc3 Nc6 11.h3 Be6 12.e3 Qd7  1/2-1/2

[Event "10th EICC"]
[Site "Budva MNE"]
[Date "2009.03.14"]
[Round "8"]
[White "Ragger,M"]
[Black "Khalifman,A"]
[Result "1/2-1/2"]
[WhiteElo "2540"]
[BlackElo "2622"]

1.e4 e5 2.Nf3 Nc6 3.Bb5 Nf6 4.O-O Nxe4 5.d4 Nd6 6.Bxc6 dxc6 7.dxe5 Nf5 8.Qxd8+ Kxd8
9.Nc3 Ne7 10.h3 Ng6 11.Bg5+ Ke8 12.Rad1 Bd7 13.Nd4 h6 14.Be3 Bb4 15.Bd2 Bc5
16.Be3 Bb4 17.Bd2  1/2-1/2

[Event "10th EICC"]
[Site "Budva MNE"]
[Date "2009.03.15"]
[Round "9"]
[White "Khalifman,A"]
[Black "Ibarra Jerez,JC"]
[Result "1-0"]
[WhiteElo "2622"]
[BlackElo "2513"]

1.d4 Nf6 2.c4 e6 3.Nf3 d5 4.g3 dxc4 5.Bg2 Bb4+ 6.Bd2 a5 7.Nc3 Nc6 8.a3 Bxc3
9.bxc3 a4 10.Bg5 Ra6 11.O-O h6 12.Bxf6 Qxf6 13.Nd2 b5 14.Rb1 Na7 15.Ne4 Qe7
16.Nc5 Rd6 17.f4 O-O 18.e4 Rc6 19.e5 Rxc5 20.dxc5 Rd8 21.Qe1 Qxc5+ 22.Qf2 Qxf2+
23.Rxf2 Rd3 24.Rf3 Rd2 25.Rf2 Rd3 26.Rc2 Kf8 27.Kf2 Ke7 28.Ke2 f5 29.Rd1 Rxd1
30.Kxd1 Bd7 31.Rb2 Be8 32.Kd2 Kd7 33.Bf3 c6 34.g4 fxg4 35.Bxg4 Bg6 36.Ke3 Nc8
37.Rd2+ Bd3 38.f5 Nb6 39.fxe6+ Ke7 40.Kd4 Nd5 41.Bf3 Nf4 42.Bxc6 Ne2+ 43.Rxe2 Bxe2
44.Bxb5 g5 45.Bxa4 Kxe6 46.Bc6 g4 47.a4 h5 48.a5 Bf3 49.Bxf3 gxf3 50.Ke3 Kxe5
51.a6  1-0

[Event "10th EICC"]
[Site "Budva MNE"]
[Date "2009.03.16"]
[Round "10"]
[White "Kotanjian,T"]
[Black "Khalifman,A"]
[Result "0-1"]
[WhiteElo "2568"]
[BlackElo "2622"]

1.d4 Nf6 2.c4 e6 3.Nc3 Bb4 4.Qc2 d5 5.cxd5 exd5 6.Bg5 h6 7.Bh4 c5 8.dxc5 g5
9.Bg3 Ne4 10.e3 Qa5 11.Ne2 Bf5 12.Be5 O-O 13.Nd4 Nd7 14.Nxf5 Nxe5 15.Ne7+ Kg7
16.Nxd5 Bxc3+ 17.bxc3 Rad8 18.Rd1 Nf6 19.Nxf6 Rxd1+ 20.Kxd1 Kxf6 21.Be2 Qxc5
22.Kc1 Rc8 23.Kb2 Qb6+ 24.Qb3 Qc6 25.f3 Rd8 26.Rc1 Nd3+ 27.Bxd3 Rxd3 28.e4 Qc5
29.Qxb7 Rd2+ 30.Rc2 Rd6 31.e5+ Qxe5 32.Qxa7 Qb5+ 33.Kc1 Qf1+ 34.Kb2 Qb5+
35.Kc1 Rb6 36.c4 Qc5 37.Qxb6+ Qxb6 38.c5 Qc6 39.h3 Ke5 40.Re2+ Kd4 41.Rd2+ Ke3
42.Rc2 h5 43.Rc3+ Ke2 44.Rc2+ Ke1 45.Kb2 f5 46.Rc1+ Kd2 47.Rc2+ Kd3 48.Rc3+ Kd4
49.Rc2 g4 50.hxg4 fxg4 51.fxg4 hxg4 52.Rd2+ Ke3 53.Rc2 Kd4 54.Rd2+ Kc4 55.Rc2+ Kb4
56.Kb1 Qe4 57.c6 Ka3  0-1

[Event "16th TCh-RUS HL"]
[Site "Dagomys RUS"]
[Date "2009.04.05"]
[Round "4"]
[White "Khalifman,A"]
[Black "Kokarev,Dm"]
[Result "1/2-1/2"]
[WhiteElo "2610"]
[BlackElo "2603"]

1.d4 Nf6 2.c4 g6 3.Nc3 Bg7 4.e4 O-O 5.Nf3 d6 6.Be2 e5 7.O-O exd4 8.Nxd4 Re8
9.f3 c6 10.Kh1 Nbd7 11.Bg5 Qb6 12.Nb3 a5 13.Qd2 a4 14.Be3 Qd8 15.Nd4 Nc5
16.Rfd1 Nfd7 17.Bf1 Be5 18.Rab1 Qa5 19.Qc2 Qb4 20.Ncb5 Qa5 21.Nc3 Qb4 22.Nce2 Nf8
23.Qc1 Nfe6 24.Nc2 Qa5 25.Ng3 Nf8 26.Nd4 Qc7 27.b4 axb3 28.axb3 Nfe6 29.Nde2 Qe7
30.b4 Nd7 31.f4 Bg7 32.Nc3 Nf6 33.f5 Nf8 34.c5 Ng4 35.cxd6 Qh4 36.Bg1 Bh6
37.Qb2 Be3 38.h3 Qxg3 39.hxg4 Bxg1 40.Kxg1 Qe3+ 41.Kh1 Qh6+ 42.Kg1 Qe3+  1/2-1/2

[Event "16th ORDIX Open"]
[Site "Mainz GER"]
[Date "2009.08.02"]
[Round "8"]
[White "Grischuk,A"]
[Black "Khalifman,A"]
[Result "1-0"]
[WhiteElo "2733"]
[BlackElo "2612"]

1.d4 Nf6 2.c4 g6 3.Nc3 Bg7 4.e4 d6 5.Nf3 O-O 6.Be2 e5 7.O-O Nc6 8.d5 Ne7
9.b4 Ne8 10.a4 f5 11.a5 Nf6 12.Bg5 Kh8 13.Rc1 Neg8 14.exf5 gxf5 15.c5 h6
16.Bh4 Ne7 17.Nb5 Ng6 18.Bxf6 Rxf6 19.cxd6 cxd6 20.Nc7 Rb8 21.g3 Nf8 22.Rc4 Bd7
23.Qc2 Rf7 24.Nh4 Qg5 25.b5 b6 26.axb6 axb6 27.Qa4 Qd8 28.Bh5 Re7 29.Ne6 Nxe6
30.Ng6+ Kh7 31.Nxe7 Nc5 32.Rxc5 bxc5 33.Bg6+ Kh8 34.Nc6 Ra8 35.Nxd8 Rxa4
36.Nf7+ Kg8 37.Nxd6 Bf8 38.Bxf5 Bxd6 39.Bxd7 c4 40.Rc1 Rb4 41.Bh3 Kf8 42.b6 Bc5
43.b7 Rxb7 44.Rxc4 Rc7 45.Kg2 Ke7 46.Rh4 Kd6 47.Rxh6+ Kxd5 48.Be6+ Kd4 49.Rh4+ Kd3
50.Bf5+ Kd2 51.Re4 Bd4 52.h4  1-0

[Event "Champions Rapid"]
[Site "Zuerich SUI"]
[Date "2009.08.23"]
[Round "3"]
[White "Khalifman,A"]
[Black "Ponomariov,R"]
[Result "1/2-1/2"]
[WhiteElo "2612"]
[BlackElo "2727"]

1.e4 c5 2.Nf3 d6 3.d4 cxd4 4.Nxd4 Nf6 5.Nc3 a6 6.Be2 e5 7.Nb3 Be7 8.O-O O-O
9.a4 Be6 10.a5 Nbd7 11.Be3 Qc7 12.Qd2 Rfd8 13.Rfd1 Rac8 14.h3 Nc5 15.Nxc5 dxc5
16.Qe1 Qc6 17.Bf3 h6 18.Rxd8+ Rxd8 19.Rd1 Qc7 20.Rxd8+ Bxd8 21.Na4 Nd7 22.Qc3 Qxa5
23.Qxa5 Bxa5 24.Nxc5  1/2-1/2

[Event "Champions Rapid"]
[Site "Zuerich SUI"]
[Date "2009.08.23"]
[Round "7"]
[White "Khalifman,A"]
[Black "Topalov,V"]
[Result "0-1"]
[WhiteElo "2612"]
[BlackElo "2813"]

1.d4 Nf6 2.c4 g6 3.Nf3 Bg7 4.g3 O-O 5.Bg2 d6 6.O-O Nbd7 7.Nc3 e5 8.h3 exd4
9.Nxd4 Nb6 10.b3 Re8 11.e4 c5 12.Nc2 a6 13.Rb1 Be6 14.Ne3 Nfd7 15.Ncd5 Bxd5
16.Nxd5 Nxd5 17.Qxd5 Qc7 18.Bf4 Re6 19.Rbd1 Ne5 20.h4 Bf8 21.Kh1 Rb8 22.Rd2 b5
23.Rfd1 bxc4 24.Bxe5 dxe5 25.Qxc4 Rb4 26.Qc2 Qb6 27.Rd7 c4 28.Rd8 Kg7 29.Bh3 Rf6
30.R1d2 cxb3 31.axb3 Rxb3 32.Kg2 Rbf3 33.Rc8 h5 34.Bd7 Bb4 35.Rc6 Bxd2 36.Rxb6 Rxf2+
37.Kh3 Rxb6 38.Qc5 Be3 39.Qxe5+ Kh7  0-1

[Event "World Cup"]
[Site "Khanty-Mansiysk RUS"]
[Date "2009.11.26"]
[Round "2.6"]
[White "Tomashevsky,E"]
[Black "Khalifman,A"]
[Result "1/2-1/2"]
[WhiteElo "2708"]
[BlackElo "2612"]

1.c4 Nf6 2.Nc3 g6 3.e4 Bg7 4.d4 d6 5.f3 O-O 6.Be3 Nbd7 7.Qd2 a6 8.Nh3 c5
9.Rd1 b6 10.Be2 cxd4 11.Bxd4 Bb7 12.O-O Rc8 13.Nf2 Re8 14.Rfe1 e6 15.Be3 Bf8
16.Bh6 Be7 17.b3 Qc7 18.Rc1 Qb8 19.Bf1 Ne5 20.Bg5 h5 21.Qf4 Ned7 22.Qh4 Kg7
23.f4 Rc5 24.Qg3 Rh8 25.Bh4 Qd8 26.Rcd1 e5 27.f5 Ne8 28.Bxe7 Qxe7 29.h4 Nef6
30.fxg6 fxg6 31.Rd3 b5 32.cxb5 axb5 33.b4 Rc4 34.Nxb5 d5 35.exd5 Qxb4 36.Rdd1 Rxh4
37.a3 Qf4 38.Qxf4 Rxf4 39.Nd3 Re4 40.Rxe4 Nxe4 41.Rc1 Rc8 42.Rxc8 Bxc8 43.a4 Ng3
44.Nd6 Nxf1 45.Nxc8 Ne3 46.Nb4 Nc4 47.Nc6 Nc5 48.a5 Kf6 49.Nb6 Nxb6 50.axb6 Nb7
51.Kf2 g5 52.Ke3 h4 53.Kf3 Kf5 54.Ne7+ Kf6 55.Nc6 g4+ 56.Ke4  1/2-1/2

[Event "Open"]
[Site "Minsk BLR"]
[Date "2010.08.04"]
[Round "1"]
[White "Khodas,V"]
[Black "Khalifman,A"]
[Result "0-1"]
[WhiteElo "2036"]
[BlackElo "2625"]

1.e4 c5 2.Nf3 d6 3.d4 cxd4 4.Nxd4 Nf6 5.Nc3 g6 6.Be2 Bg7 7.O-O O-O 8.Be3 Nc6
9.h3 Bd7 10.f4 Rc8 11.Nb3 a6 12.Bf3 b5 13.Qd2 Be6 14.Nd5 Nd7 15.c3 a5 16.Nd4 Nxd4
17.Bxd4 Bxd4+ 18.Qxd4 Bxd5 19.Qxd5 b4 20.cxb4 Qb6+ 21.Kh1 Qxb4 22.Rf2 Rc4
23.a3 Qc5 24.Qxc5 Nxc5 25.Re2 Ne6 26.b3 Rc3 27.Rb2 Nxf4 28.b4 Nd3 29.Rd2 axb4
30.axb4 Rb8 31.Ra7 Kf8 32.Kh2 Rxb4 33.Rda2 Ne5 34.R2a4 Rxa4 35.Rxa4 Kg7 36.Kg3 Kf6  0-1

[Event "Open"]
[Site "Minsk BLR"]
[Date "2010.08.07"]
[Round "4"]
[White "Khalifman,A"]
[Black "Smirnov,Va"]
[Result "1-0"]
[WhiteElo "2625"]
[BlackElo "2361"]

1.Nf3 c5 2.c4 g6 3.e4 Bg7 4.d4 Qb6 5.dxc5 Qxc5 6.Be2 d6 7.O-O Bg4 8.Be3 Qc8
9.Nc3 Nf6 10.Rc1 O-O 11.Nd5 Qd8 12.h3 Bxf3 13.Bxf3 Nbd7 14.Qb3 Ne5 15.Be2 b6
16.Nc3 Nfd7 17.Rfd1 Nc5 18.Qc2 Nc6 19.Qb1 Ne6 20.b4 Ncd4 21.Bf1 g5 22.Ne2 Nxe2+
23.Bxe2 Nf4 24.Bf1 Qc8 25.c5 bxc5 26.bxc5 Rb8 27.Qc2 Rb2 28.Qc4 dxc5 29.Bxc5 Rb7
30.Be3 Qb8 31.Qc5 Ne6 32.Qf5 Qe5 33.Rd5 Qxf5 34.exf5 Nf4 35.Rdc5 e6 36.g3 Nd5
37.Bxg5 Rb2 38.fxe6 fxe6 39.R5c2 Rfb8 40.Bc4 a5 41.Bb3 Kf7 42.Rxb2 Bxb2 43.Rc4 Rb4
44.Rxb4 axb4 45.Bxd5 exd5 46.Kf1 Ke6 47.Ke2 Be5 48.Bd2 Bd6 49.g4 d4 50.Kd3 Kd5
51.h4  1-0

[Event "Open"]
[Site "Minsk BLR"]
[Date "2010.08.08"]
[Round "5"]
[White "Daulyte,D"]
[Black "Khalifman,A"]
[Result "0-1"]
[WhiteElo "2333"]
[BlackElo "2625"]

1.e4 c5 2.Nf3 d6 3.d4 cxd4 4.Nxd4 Nf6 5.Nc3 a6 6.Bg5 Nc6 7.Qd2 e6 8.O-O-O Be7
9.f4 Nxd4 10.Qxd4 b5 11.Bxf6 gxf6 12.f5 Qa5 13.g4 b4 14.Ne2 h5 15.g5 e5 16.Qc4 Qc5
17.Qxc5 dxc5 18.gxf6 Bxf6 19.c4 Rg8 20.Rg1 Rxg1 21.Nxg1 Bb7 22.Bg2 Bg5+ 23.Kc2 Ke7
24.Ne2 h4 25.h3 f6 26.Bf3 a5 27.Rd3 Bc6 28.b3 a4 29.Kb2 Bf4 30.Bh1 Rg8 31.Kc2 Bg3
32.Nxg3 Rxg3 33.Rxg3 hxg3 34.Bf3 a3 35.Kd3 Ba4 36.Kc2 Be8 37.Kd3 Bf7 38.Kc2 Kf8
39.Kd3 Kg7 40.Kc2 Kh6 41.Kd3 Kg5  0-1

[Event "Open"]
[Site "Minsk BLR"]
[Date "2010.08.11"]
[Round "8"]
[White "Khalifman,A"]
[Black "Zhigalko,S"]
[Result "1/2-1/2"]
[WhiteElo "2625"]
[BlackElo "2656"]

1.d4 Nf6 2.c4 e6 3.Nf3 b6 4.g3 Bb4+ 5.Bd2 Bxd2+ 6.Qxd2 Ba6 7.b3 O-O 8.Bg2 c6
9.O-O d5 10.Qb4 Nbd7 11.Rd1 Bb7 12.Nc3 a5 13.Qd6 Qb8 14.Qxb8 Rfxb8 15.e4 Nxe4
16.Nxe4 dxe4 17.Ng5 Nf6 18.Nxe4 Nxe4 19.Bxe4 c5 20.Bxb7 Rxb7 21.d5 exd5 22.Rxd5 a4
23.b4 cxb4 24.Rb5 Rc7 25.Rxb4 a3 26.Rd1 g6 27.Kf1 Re8 28.Rd3 Ra8 29.Ke2 Rc6
30.Kd2 Rf6 31.f4 g5 32.Kc3 gxf4 33.gxf4 Rxf4 34.Rxb6 Rc8 35.Rb4 Rf2 36.Kb3 Rxh2
37.Kxa3 Ra8+ 38.Ra4 Rxa2+ 39.Kxa2 Rxa4+ 40.Kb3 Ra1 41.c5 Rc1 42.Kb4 Kg7 43.Kb5 Kf6
44.c6 Ke5 45.Kb6 f5 46.Rh3  1/2-1/2

[Event "14th OIBM"]
[Site "Bad Wiessee GER"]
[Date "2010.10.30"]
[Round "1.1"]
[White "Khalifman,A"]
[Black "Baekelant,E"]
[Result "1-0"]
[WhiteElo "2626"]
[BlackElo "2037"]

1.d4 Nf6 2.c4 g6 3.Nf3 Bg7 4.g3 O-O 5.Bg2 d5 6.cxd5 Nxd5 7.O-O Nc6 8.Nc3 Nb6
9.e3 e6 10.Qc2 e5 11.dxe5 Nxe5 12.Nxe5 Bxe5 13.e4 Bg7 14.Bf4 Bd7 15.Rfd1 Qc8
16.a4 c6 17.b3 Bh3 18.a5 Bxg2 19.Kxg2 Nd7 20.Rac1 Ne5 21.Na4 Rd8 22.Nc5 Qc7
23.a6 b6 24.Nd3 c5 25.b4 Rac8 26.bxc5 bxc5 27.Nxc5 Rxd1 28.Qxd1 Qa5 29.Qd5 Rd8
30.Qb7 Qa3 31.Qb3 Qxb3 32.Nxb3 Nd3 33.Rc7 Nxf4+ 34.gxf4 Rb8 35.Rb7 Ra8 36.e5 Bh6
37.f5 gxf5 38.Nd4  1-0

[Event "14th OIBM"]
[Site "Bad Wiessee GER"]
[Date "2010.11.01"]
[Round "4.1"]
[White "Satyapragyan,S"]
[Black "Khalifman,A"]
[Result "0-1"]
[WhiteElo "2451"]
[BlackElo "2626"]

1.e4 c5 2.Nf3 d6 3.d4 cxd4 4.Nxd4 Nf6 5.Nc3 g6 6.Be3 Bg7 7.f3 Nc6 8.Qd2 O-O
9.Bc4 Bd7 10.O-O-O Rb8 11.Nxc6 bxc6 12.h4 Qa5 13.Bb3 h5 14.Bh6 Be6 15.Bxg7 Kxg7
16.Rhe1 Qb4 17.Ne2 Bxb3 18.Qxb4 Rxb4 19.axb3 Rc8 20.Rd4 a5 21.Kd2 c5 22.Rxb4 axb4
23.Nf4 Nd7 24.Ra1 Ne5 25.Nd3 Nxd3 26.Kxd3 f5 27.c3 Rb8 28.Kc4 Kf6 29.Re1 e6
30.Rd1 Rb6 31.Ra1 fxe4 32.fxe4 Ke5 33.Rf1 Kxe4 34.Re1+ Kf5 35.Rf1+ Ke5 36.Re1+ Kf6
37.Rf1+ Ke7 38.Rf3 Rb8 39.Rg3 Rf8 40.Rxg6 Rf4+ 41.Kb5 Rxh4 42.Rh6 Rg4 43.Kc6 Rxg2
44.Rxh5 Rxb2 45.cxb4 cxb4 46.Rh7+ Kf6 47.Rh6+ Kf5 48.Rh5+ Kg6 49.Rb5 Rxb3
50.Kxd6 Kf6 51.Kc5 e5 52.Rb8 Kf5 53.Kc4 Rc3+ 54.Kxb4 Rc1  0-1

[Event "14th OIBM"]
[Site "Bad Wiessee GER"]
[Date "2010.11.02"]
[Round "5.1"]
[White "Khalifman,A"]
[Black "Mainka,R"]
[Result "1/2-1/2"]
[WhiteElo "2626"]
[BlackElo "2483"]

1.d4 d5 2.c4 dxc4 3.e4 Nf6 4.e5 Nd5 5.Bxc4 Nb6 6.Bd3 Nc6 7.Be3 Nb4 8.Be4 f5
9.exf6 exf6 10.Nc3 c6 11.a3 N4d5 12.Qh5+ Ke7 13.Nge2 Be6 14.O-O Qe8 15.Qf3 Kf7
16.Nf4 Nxf4 17.Bxf4 Qd7 18.Qh5+ Kg8 19.Rfe1 g5 20.Bxg5 Bg4 21.Qh4 fxg5 22.Qxg5+ Qg7
23.Qf4 h5 24.Bf5 Rh6 25.Bxg4 hxg4 26.g3 Bd6 27.Qe4 Rf8 28.Re2 Qg6 29.Qxg6+ Rxg6
30.Rae1 Nd5 31.Ne4 Kf7 32.Nc5 Bxc5 33.dxc5 Kg7 34.Kg2 Rg5 35.Re5 Rxe5 36.Rxe5 Kf6
37.Re4 Kf5 38.f3 Rd8 39.Re2 Nf6 40.fxg4+ Nxg4 41.h3 Ne5 42.Rf2+ Kg6 43.Re2 Rd5
44.b4 a5 45.h4 a4 46.Re4 Kf5 47.Rf4+ Ke6 48.h5 Nf7 49.g4 Rd3 50.Re4+ Kf6
51.Rf4+ Kg7 52.Re4 Kf8 53.Rf4 Kg8 54.Re4 Kf8 55.Rf4 Kg7 56.Re4 Kf6 57.Rf4+  1/2-1/2

[Event "14th OIBM"]
[Site "Bad Wiessee GER"]
[Date "2010.11.03"]
[Round "6.2"]
[White "Brodsky,M"]
[Black "Khalifman,A"]
[Result "1/2-1/2"]
[WhiteElo "2549"]
[BlackElo "2626"]

1.d4 Nf6 2.c4 c5 3.d5 b5 4.cxb5 a6 5.bxa6 g6 6.Nc3 Bxa6 7.g3 Bg7 8.Bg2 d6
9.Nf3 Nbd7 10.Rb1 O-O 11.O-O Qa5 12.Bd2 Ng4 13.Qc2 Nge5 14.Nxe5 Nxe5 15.b3 Qa3
16.Bc1 Qa5 17.Bd2 Qa3 18.Bc1  1/2-1/2

[Event "14th OIBM"]
[Site "Bad Wiessee GER"]
[Date "2010.11.05"]
[Round "8.1"]
[White "Khalifman,A"]
[Black "Sandipan,C"]
[Result "1-0"]
[WhiteElo "2626"]
[BlackElo "2641"]

1.d4 d5 2.c4 c6 3.Nf3 Nf6 4.Nc3 e6 5.g3 dxc4 6.Bg2 Nbd7 7.a4 a5 8.O-O Be7
9.e4 O-O 10.Qe2 b6 11.Bf4 Re8 12.Rfd1 Ba6 13.Nd2 Rc8 14.Nxc4 Nd5 15.Bd2 Nb4
16.Bf4 Nd5 17.Bd2 Nb4 18.Bc1 Nd5 19.Bf1 Bg5 20.Qf3 Bxc4 21.Bxc4 Nxc3 22.bxc3 Bxc1
23.Raxc1 Qc7 24.e5 Nf8 25.h4 c5 26.Ba6 Ra8 27.Bb5 Red8 28.h5 h6 29.Qe4 Rac8
30.Ba6 Ra8 31.Qb7 Qxb7 32.Bxb7 Ra7 33.Bc6 cxd4 34.cxd4 Rc7 35.Rc4 Rdc8 36.Rdc1 Nd7
37.Bb5 Rxc4 38.Rxc4 Rxc4 39.Bxc4 Kf8 40.f4 Ke7 41.Kf2 f6 42.Ke3 fxe5 43.fxe5 Nf8
44.Bd3 Kd7 45.Kd2 Kc6 46.Kc3 Kd5 47.Bc2 Kc6 48.Be4+ Kc7 49.Kc4 Nd7 50.Kb5 Nb8
51.Bg2 Nd7 52.Bh3 Nf8 53.Bg4 Kb7 54.d5 exd5 55.e6 Nh7 56.e7 Nf6 57.Bd7 Ne4
58.Bc6+  1-0

[Event "64th ch-RUS HL"]
[Site "Taganrog RUS"]
[Date "2011.06.20"]
[Round "6"]
[White "Lysyj,I"]
[Black "Khalifman,A"]
[Result "1/2-1/2"]
[WhiteElo "2629"]
[BlackElo "2627"]

1.d4 d6 2.Nf3 g6 3.c4 Bg7 4.Nc3 Nf6 5.h3 O-O 6.e4 e5 7.d5 Nh5 8.g3 Na6 9.Nh2 Nc5
10.Be3 a5 11.Be2 Nf6 12.Bf3 Ne8 13.g4 Bd7 14.Nf1 c6 15.Ng3 cxd5 16.Nxd5 Nf6
17.Nc3 a4 18.Qxd6 Ne6 19.Nce2 Qc8 20.O-O Bc6 21.Rfd1 h6 22.Bg2 Re8 23.Qd2 Kh7
24.Nc3 Nd7 25.Nd5 Qd8 26.Nb4 Ndc5 27.Qxd8 Rexd8 28.Nd5 Nd4 29.Rac1 Nce6 30.Bf1 Ng5
31.Kh1 Rab8 32.Rc3 b5 33.cxb5 Bxb5 34.Bxg5 hxg5 35.Bxb5 Rxb5 36.b3 axb3 37.axb3 Rxb3
38.Rxb3 Nxb3 39.Ne2 Nc5 40.f3 Rb8 41.Ndc3 Rb7  1/2-1/2

[Event "64th ch-RUS HL"]
[Site "Taganrog RUS"]
[Date "2011.06.22"]
[Round "7"]
[White "Khalifman,A"]
[Black "Evdokimov,Alexa"]
[Result "0-1"]
[WhiteElo "2627"]
[BlackElo "2561"]

1.d4 Nf6 2.c4 g6 3.Nc3 d5 4.Nf3 Bg7 5.cxd5 Nxd5 6.e4 Nxc3 7.bxc3 c5 8.Be3 Bg4
9.Rc1 Qa5 10.Qb3 cxd4 11.Nxd4 Bc8 12.Qb5+ Qxb5 13.Nxb5 Na6 14.Nxa7 Bd7 15.Bc4 O-O
16.Ke2 Rfb8 17.Rhd1 Be8 18.Rd2 Be5 19.Rd5 Bf6 20.Ra5 e6 21.Bb5 b6 22.Bxe8 bxa5
23.Bc6 Rb2+ 24.Kf3 Rab8 25.a4 R8b3 26.Bb5 Nc7 27.c4 Bd4 28.c5 Rxf2+  0-1

[Event "64th ch-RUS HL"]
[Site "Taganrog RUS"]
[Date "2011.06.23"]
[Round "8"]
[White "Kornev,Alexei"]
[Black "Khalifman,A"]
[Result "1/2-1/2"]
[WhiteElo "2511"]
[BlackElo "2627"]

1.d4 Nf6 2.c4 c5 3.d5 b5 4.cxb5 a6 5.bxa6 g6 6.Nc3 Bxa6 7.Nf3 d6 8.g3 Bg7
9.Bg2 Nbd7 10.Rb1 O-O 11.O-O Qa5 12.Qc2 Ng4 13.Bd2 Nge5 14.Nxe5 Nxe5 15.b3 Qa3
16.Bc1 Qa5 17.Bd2 Qa3 18.Bc1 Qa5 19.Bd2 Qa3  1/2-1/2

[Event "22nd St Petersburg-Moscow Match"]
[Site "St Petersburg RUS"]
[Date "2011.09.18"]
[Round "2"]
[White "Inarkiev,E"]
[Black "Khalifman,A"]
[Result "1-0"]
[WhiteElo "2692"]
[BlackElo "2627"]

1.e4 c6 2.d4 d5 3.e5 Bf5 4.Nf3 e6 5.Be2 c5 6.Be3 Nd7 7.O-O Ne7 8.Nbd2 cxd4
9.Nxd4 Nc6 10.Nxf5 exf5 11.Nf3 Bc5 12.Qd2 Bxe3 13.Qxe3 Qe7 14.Rad1 Nb6 15.Rfe1 g6
16.Bb5 O-O-O 17.Bxc6 bxc6 18.Nd4 Kb7 19.a4 Rc8 20.a5 Nc4 21.Qc3 Rhe8 22.b3 Na3
23.a6+ Ka8 24.Qa5 c5 25.Nxf5 gxf5 26.Qxa3 Red8 27.Qc1 Qe6 28.Qf4 Rc6 29.Rd3 Rxa6
30.Rf3 Rd7 31.Qe3 Rc6 32.g3 h6 33.Rf4 f6 34.exf6 Qxe3 35.Rxe3 Rxf6 36.Re5 Kb7
37.Rfxf5 Rxf5 38.Rxf5 Kb6 39.h4 d4 40.Kf1 Re7 41.Rf6+ Kb5 42.Rxh6 Kb4 43.Rc6 Re5
44.Ra6 Kc3 45.Ra2 Kd2 46.g4 Kc1 47.h5 Re7 48.h6 Kb1 49.g5 Rh7 50.Ra5 c4 51.bxc4 Kxc2
52.c5  1-0

[Event "Chigorin Memorial Open"]
[Site "St Petersburg RUS"]
[Date "2011.10.14"]
[Round "1.9"]
[White "Vunder,A"]
[Black "Khalifman,A"]
[Result "0-1"]
[WhiteElo "2282"]
[BlackElo "2627"]

1.d4 d6 2.Nf3 Bg4 3.e4 Nf6 4.Bd3 e6 5.O-O Be7 6.c3 d5 7.Nbd2 O-O 8.exd5 Qxd5
9.Qb3 Nbd7 10.h3 Bh5 11.Re1 c5 12.Bc4 Qc6 13.Ne5 Nxe5 14.dxe5 Nd7 15.Bf1 Rab8
16.a4 Nb6 17.Nc4 Nd5 18.Ne3 Rfd8 19.Bc4 Nf4 20.Bb5 Qe4 21.Qc4 Qxe5 22.Nc2 Ne2+
23.Rxe2 Rd1+ 24.Re1 Rxe1+ 25.Nxe1 Qxe1+ 26.Qf1 Qxf1+ 27.Kxf1 a6 28.Bc4 Rd8
29.Be3 Rd1+ 30.Rxd1 Bxd1 31.a5 Ba4 32.Ke2 Bb5 33.Kd3 Kf8 34.Bxb5 axb5 35.c4 b4
36.Kc2 Ke8 37.Kb3 Kd7 38.Ka4 Kc6 39.b3 f5 40.f3 e5 41.g4 e4  0-1

[Event "Chigorin Memorial Open"]
[Site "St Petersburg RUS"]
[Date "2011.10.15"]
[Round "2.5"]
[White "Khalifman,A"]
[Black "Chekhov,S"]
[Result "1-0"]
[WhiteElo "2627"]
[BlackElo "2414"]

1.d4 d6 2.Nf3 g6 3.c4 Nf6 4.Nc3 Bg7 5.g3 O-O 6.Bg2 c6 7.O-O a6 8.e4 b5 9.e5 Ne8
10.Qe2 d5 11.cxd5 cxd5 12.Nxd5 Qxd5 13.Ng5 Qxd4 14.Bxa8 Qxe5 15.Qxe5 Bxe5
16.Re1 Bf6 17.Ne4 Bg7 18.Bf4 e5 19.Rac1 Be6 20.Be3 Nf6 21.Nxf6+ Bxf6 22.b3 Kg7
23.Red1 Re8 24.Bd5 Bxd5 25.Rxd5 Re6 26.Rdc5 Rd6 27.Kf1 Nd7 28.Rc6 Rd5 29.Ke2 e4
30.Rd1 Ne5 31.Rxd5 Nxc6 32.Rd6 Nb4 33.a3 Be5 34.Rb6 Nd5 35.Rxa6 f5 36.a4  1-0

[Event "Chigorin Memorial Open"]
[Site "St Petersburg RUS"]
[Date "2011.10.16"]
[Round "3"]
[White "Popov,Val"]
[Black "Khalifman,A"]
[Result "0-1"]
[WhiteElo "2545"]
[BlackElo "2627"]

1.c4 c5 2.Nc3 Nc6 3.Nf3 g6 4.a3 Bg7 5.Rb1 Nf6 6.b4 d5 7.bxc5 d4 8.Na4 e5
9.d3 e4 10.Ng5 Qe7 11.e3 O-O 12.Nxe4 Nxe4 13.dxe4 Qxe4 14.Rb3 Na5 15.Rb5 Nc6
16.Qd3 Qe7 17.Be2 Bf5 18.Qb3 dxe3 19.fxe3 Qh4+ 20.g3 Qe4 21.Rf1 Bh3 22.Nc3 Qg2
23.Rf4 Rfe8 24.Nd5 Nd4 25.Rxd4 Bxd4 26.Bb2 Qg1+ 27.Kd2 Bxe3+ 28.Nxe3 Rad8+
29.Nd5 Rxe2+ 30.Kxe2 Re8+ 31.Qe3 Bg4+ 32.Kd3 Bf5+ 33.Ke2 Qxh2+ 34.Kf3 Bg4+  0-1

[Event "Chigorin Memorial Open"]
[Site "St Petersburg RUS"]
[Date "2011.10.17"]
[Round "4"]
[White "Khalifman,A"]
[Black "Rasulov,Vu"]
[Result "1/2-1/2"]
[WhiteElo "2627"]
[BlackElo "2523"]

1.Nf3 Nf6 2.c4 c5 3.Nc3 Nc6 4.g3 g6 5.d4 cxd4 6.Nxd4 d6 7.Bg2 Bd7 8.Nxc6 Bxc6
9.e4 Bg7 10.Be3 O-O 11.O-O Qd7 12.Bd4 e6 13.Qd3 Rfd8 14.Rfd1 Qe7 15.b3 h5
16.Rac1 Ng4 17.Bxg7 Kxg7 18.b4 b6 19.Qd4+ Nf6 20.a3 Rac8 21.h4 Kg8 22.Nd5 Bxd5
23.cxd5 exd5 24.exd5 Rxc1 25.Rxc1 Qe5 26.Qxe5 dxe5 27.Rc7 Rd7 28.Rxd7 Nxd7
29.d6 Kf8 30.Bc6 Ke8 31.f3 Kd8 32.Kf2 f5 33.Bb5 Nf6 34.Bc4 Nh7 35.Bb5 Nf6
36.Bc4 Nh7 37.Bb5 Nf6  1/2-1/2

[Event "Chigorin Memorial Open"]
[Site "St Petersburg RUS"]
[Date "2011.10.18"]
[Round "5.2"]
[White "Vysochin,S"]
[Black "Khalifman,A"]
[Result "0-1"]
[WhiteElo "2558"]
[BlackElo "2627"]

1.e4 c5 2.c3 d5 3.exd5 Qxd5 4.Nf3 Nf6 5.d4 Bg4 6.dxc5 Qxd1+ 7.Kxd1 Nc6 8.h3 O-O-O+
9.Ke1 Bh5 10.b4 e6 11.a3 Be7 12.Nbd2 Nd5 13.Bb2 Nf4 14.Rd1 e5 15.Ne4 f5 16.Ng3 Bg6
17.b5 e4 18.Bc1 exf3 19.Bxf4 Bf6 20.Rxd8+ Rxd8 21.Bd6 Bxc3+ 22.Kd1 f4 23.bxc6 fxg3
24.Bc4 bxc6 25.gxf3 gxf2 26.Ke2 Be1 27.f4 Re8+ 28.Be5 Be4 29.Rh2 g5 30.Ke3 Bd5
31.Bf1 Kd7 32.a4 gxf4+ 33.Kxf4 Bd2+ 34.Kf5 Rf8+ 35.Kg4 Rg8+ 36.Kf5 Be3  0-1

[Event "Chigorin Memorial Open"]
[Site "St Petersburg RUS"]
[Date "2011.10.19"]
[Round "6.1"]
[White "Khalifman,A"]
[Black "Maiorov,N1"]
[Result "1/2-1/2"]
[WhiteElo "2627"]
[BlackElo "2558"]

1.d4 Nf6 2.c4 e6 3.g3 d5 4.Bg2 Bb4+ 5.Nd2 O-O 6.Nf3 dxc4 7.Qc2 Nc6 8.Qxc4 Qd5
9.O-O Bxd2 10.Qxd5 exd5 11.Bxd2 Bf5 12.Rfc1 Be4 13.e3 Rfc8 14.b4 Nd8 15.b5 Ne6
16.a4 a6 17.Bb4 axb5 18.axb5 Nd7 19.Nd2 Bxg2 20.Kxg2 f5 21.Kf1 Kf7 22.Ke2 Ke8
23.Kd3 Nb6 24.Ba5 Nd7 25.Bb4 Nb6 26.Ba5 Nd7 27.Bb4 Nb6  1/2-1/2

[Event "Chigorin Memorial Open"]
[Site "St Petersburg RUS"]
[Date "2011.10.20"]
[Round "7.3"]
[White "Onischuk,V"]
[Black "Khalifman,A"]
[Result "1/2-1/2"]
[WhiteElo "2483"]
[BlackElo "2627"]

1.e4 c5 2.Nf3 d6 3.d4 cxd4 4.Nxd4 Nf6 5.Nc3 g6 6.Be2 Bg7 7.O-O O-O 8.Re1 Nc6
9.Nb3 Be6 10.Bf1 d5 11.Nc5 dxe4 12.Qxd8 Raxd8 13.Nxe6 fxe6 14.Bg5 Nd4 15.Rac1 Rc8
16.Red1 Nf5 17.h3 a6 18.a4 e3 19.Bxe3 Nxe3 20.fxe3 Rc7 21.Rb1 Ne8 22.Ne4 Bh6
23.Re1 Rxc2 24.Bd3 Rc8 25.b4 Nd6 26.Nc5 a5 27.Nxe6 Rf6 28.Nf4 Rc3 29.Bb5 Bxf4
30.exf4 Nxb5 31.axb5 a4 32.Rxe7 Rf7 33.Re8+ Kg7 34.Ra8 a3 35.Ra1 Rxf4 36.Ra7 Rc7
37.Ra4 h5 38.R1xa3 Rc1+ 39.Kh2 h4 40.Rf3 Re4 41.Ra2 Rxb4 42.g4 hxg3+ 43.Rxg3 Rxb5
44.Rd2 Rc6 45.Rf3 Kh6 46.Rf4 g5 47.Re4 Rbc5 48.h4 Kh5 49.hxg5 Rxg5 50.Rb4 b5
51.Rg2 Rcc5 52.Rg3 Kg6 53.Kg2 Rf5 54.Rxg5+ Kxg5 55.Kg3 Kf6 56.Rf4  1/2-1/2

[Event "Chigorin Memorial Open"]
[Site "St Petersburg RUS"]
[Date "2011.10.21"]
[Round "8.5"]
[White "Khalifman,A"]
[Black "Gabrielian,A"]
[Result "1/2-1/2"]
[WhiteElo "2627"]
[BlackElo "2531"]

1.c4 Nf6 2.g3 g6 3.Bg2 Bg7 4.Nc3 O-O 5.d4 d6 6.Nf3 Nbd7 7.O-O e5 8.h3 c6
9.e4 Qb6 10.c5 dxc5 11.dxe5 Ne8 12.e6 fxe6 13.Ng5 Nc7 14.f4 e5 15.f5 c4+
16.Kh1 Qc5 17.a4 h6 18.Nf3 gxf5 19.exf5 Rxf5 20.g4 Rf8 21.Ne4 Qd5 22.Qe1 Nc5
23.Nxc5 Qxc5 24.g5 e4 25.Qxe4 Bf5 26.Qh4 hxg5 27.Nxg5 Bd3 28.Bf4 Qd4 29.Rae1 Rae8
30.Rxe8 Nxe8 31.Rf3 Qxb2 32.Ne6 Rf6 33.Nxg7 Nxg7 34.Rg3 Rg6 35.Qd8+ Kh7 36.Qh4+ Kg8
37.Qd8+ Kh7 38.Qh4+ Kg8 39.Qd8+  1/2-1/2